000 00607nam a2200265Ia 4500
005 20260306153509.0
008 008 260114s9999 xx 000 0 eng d
020 _a9780511486999
037 _aEBOOK
040 _aCRL
040 _beng
040 _cCRL
041 _2eng
041 _aeng
084 _qCRL
100 _aCrystal
245 0 _aEnglish as a Global Language
250 _a2nd Ed
260 _bCambridge University Press
260 _c2009
650 _aLinguistics
856 _uhttps://doi.org/10.1017/CBO9780511486999
942 _cEBOOK
999 _c1703725
_d1703725